<?xml version="1.0" encoding="UTF-8" ?>
<collection xmlns="http://www.loc.gov/MARC21/slim"><record><leader>01182nam a2200289 c 4500</leader><controlfield tag="001">183200</controlfield><controlfield tag="003">CH-000273-5</controlfield><controlfield tag="005">20170816130737.0</controlfield><datafield tag="035" ind1=" " ind2=" "><subfield code="a">(OCoLC)952997989</subfield></datafield><datafield tag="040" ind1=" " ind2=" "><subfield code="a">CH-000273-5</subfield><subfield code="b">ger</subfield><subfield code="e">rda</subfield></datafield><datafield tag="041" ind1=" " ind2=" "><subfield code="a">ger</subfield></datafield><datafield tag="100" ind1="1" ind2="0"><subfield code="a">Kocan, Irma Maria</subfield><subfield code="d">1889-1980</subfield><subfield code="e">Verfasser</subfield><subfield code="4">aut</subfield></datafield><datafield tag="245" ind1="0" ind2="0"><subfield code="a">Brief, Basel, den 15. Jan. 1919., Tit. Direktion d. Kunsthauses, Zürich.</subfield><subfield code="b">Sehr geehrter Herr Direktor, ...</subfield><subfield code="c">Ihnen für Ihre Bemühungen bestens dankend zeichne ich mit vorzügl. Hochachtung Irma Kocan, Fritz Baumann</subfield></datafield><datafield tag="264" ind1=" " ind2=" "><subfield code="a">Basel</subfield><subfield code="c">1919</subfield></datafield><datafield tag="300" ind1=" " ind2=" "><subfield code="a">1 Blatt</subfield><subfield code="c">20,9 x 13,4 cm</subfield></datafield><datafield tag="336" ind1=" " ind2=" "><subfield code="a">Text</subfield><subfield code="b">txt</subfield><subfield code="2">rdacontent</subfield></datafield><datafield tag="337" ind1=" " ind2=" "><subfield code="a">ohne Hilfsmittel zu benutzen</subfield><subfield code="b">n</subfield><subfield code="2">rdamedia</subfield></datafield><datafield tag="338" ind1=" " ind2=" "><subfield code="a">Blatt</subfield><subfield code="b">nb</subfield><subfield code="2">rdacarrier</subfield></datafield><datafield tag="600" ind1="1" ind2="4"><subfield code="a">Kocan, Irma Maria</subfield><subfield code="d">1889-1980</subfield><subfield code="x">Brief</subfield><subfield code="x">Handschrift</subfield></datafield><datafield tag="600" ind1="1" ind2="7"><subfield code="a">Baumann, Fritz</subfield><subfield code="d">1886-1942</subfield><subfield code="2">gnd</subfield></datafield><datafield tag="610" ind1="2" ind2="7"><subfield code="a">Kunsthaus Zürich</subfield><subfield code="x">Ausstellung</subfield><subfield code="x">Geschäftsbrief</subfield><subfield code="2">gnd</subfield></datafield><datafield tag="655" ind1="0" ind2="7"><subfield code="a">Manuskript</subfield><subfield code="2">gnd</subfield></datafield><datafield tag="655" ind1="0" ind2="7"><subfield code="a">Brief</subfield><subfield code="2">gnd</subfield></datafield><datafield tag="700" ind1="1" ind2="0"><subfield code="a">Baumann, Fritz</subfield><subfield code="e">Sonstige</subfield></datafield><datafield tag="710" ind1="2" ind2="0"><subfield code="a">Kunsthaus Zürich</subfield><subfield code="e">Adressat</subfield><subfield code="4">rcp</subfield></datafield><datafield tag="852" ind1="4" ind2="0"><subfield code="a">CH-000273-5</subfield><subfield code="c">10.30.30.165a.kocan.19190115</subfield></datafield><datafield tag="856" ind1="4" ind2="1"><subfield code="u">https://digital.kunsthaus.ch:443/viewer/image/183200/1/</subfield><subfield code="y">Kunsthaus Zürich Sammlungen online</subfield></datafield></record></collection>